शब्दकोश: (Record no. 40390)

MARC details
000 -LEADER
fixed length control field 01225nam a22002417a 4500
005 - DATE AND TIME OF LATEST TRANSACTION
control field 20100809145737.0
010 ## - LCCN (DPL NO)
LC control number HIN-90233
020 ## - INTERNATIONAL STANDARD BOOK NUMBER
Terms of availability 495.00
International Standard Book Number 8181820452
035 ## - SYSTEM CONTROL NUMBER
System control number HN-62579
037 ## - SOURCE OF ACQUISITION
Source of stock number/acquisition DBAD / PUB
082 ## - DEWEY DECIMAL CLASSIFICATION NUMBER
Classification number 483.02
100 ## - MAIN ENTRY--PERSONAL NAME
Personal name मिश्र, रतनलाल
245 ## - TITLE STATEMENT
Title शब्दकोश:
Remainder of title रतनलाल मिश्र
Statement of responsibility, etc कला, इतिहास, पुरातत्व कोश /
246 ## - VARYING FORM OF TITLE
Title proper/short title Shabdakosh
Remainder of title by Ratanlal Mishra
260 ## - PUBLICATION, DISTRIBUTION, ETC. (IMPRINT)
Place of publication, distribution, etc जयपुर
Name of publisher, distributor, etc लिट्रेरी सर्किल
Date of publication, distribution, etc 2009
270 ## - ADDRESS
Address सी-12/13, प्रथम तल, खण्डेलवाल गर्ल्स कॉलेज के सामने, संसार चन्द्र रोड़
City जयपुर
Postal code 302001
Telephone number 4004330, मो.-9414054330
Electronic mail address literarycirclejpr@yahoo.com
300 ## - PHYSICAL DESCRIPTION
Extent 197पृ
Dimensions 22सेमी (सजिल्द)
Other physical details सचित्र
700 ## - ADDED ENTRY--PERSONAL NAME
9 (RLIN) 7228
700 ## - ADDED ENTRY--PERSONAL NAME
9 (RLIN) 7267
700 ## - ADDED ENTRY--PERSONAL NAME
9 (RLIN) 7698
942 ## - ADDED ENTRY ELEMENTS (KOHA)
Institution code [OBSOLETE] dpl
Item type Hindi Books
Call number prefix
Source of classification or shelving scheme Dewey Decimal Classification
Call number suffix मिश्रर
Classification part 483.02
Holdings
Withdrawn status Lost status Not for loan Collection code Home library Current library Date acquired Source of acquisition Cost, normal purchase price Full call number Barcode Copy number Cost, replacement price Koha item type
    Not For Loan Non-fiction D.B.Act.Division D.B.Act.Division 09/08/2010 DBAD / PUB 495.00 483.02 मिश्रर HN-62579 1 495.00 Hindi Books

© Delhi Public Library
Hit Counter
free hit counter